000 00664nam a22001935i 4500
001 68533
003 ES-MaACL
005 20250822063129.0
007 t|
008 960808s1872 fr ||||1| fre d
040 _aCAM
_bspa
_cCAM
100 1 _aGarnier, Joseph,
_d1813-1881
_9154520
245 1 0 _aTraité de finances
_b: l'impot generale ... : notes et notices complementaires historiques et statistiques /
_cpar Joseph Garnier.
250 _a3ª éd.
260 _aParis :
_bGarnier frères :
_bGuillaumin et Cie.,
_c1872 (
_fimp. Simon Racon et Comp.)
300 _aVIII, 567 p. ;
_c22 cm.
852 _aES-MaACL
_jC-3009
999 _c68533
_d68533